| 000 | 01277cam a2200205 4500 | ||
|---|---|---|---|
| 001 | WB3918-04 | ||
| 008 | 030515n2003 000 0 eng u | ||
| 035 | _a(Sirsi) u122292 | ||
| 245 | _aAccess all areas | ||
| 260 | _c2003 | ||
| 490 |
_aDepartment for Work and Pensions Press Release _v15 May 2003 (2) |
||
| 520 | _aGovernment has launched a nationwide award scheme "Access all areas" to encourage small businesses to make their services more accessible for disabled people. A video "Act now" has also been launched which explains the implications of the Disability Discrimination Act 1995 and provides practical advice for small organisations. A free information pack containing notes on the awards, "Act now", and leaflets "2004- what it means to you: a guide for service providers" and "The Disability Discrimination Act 1995: what employers need to know" is available from [email protected] or t +44 (0)08457 622633. Further information at www.disability.gov.uk. | ||
| 590 | _aWB | ||
| 650 | _aSERVICE PROVIDERS | ||
| 650 | _aSMALL BUSINESSES | ||
| 650 | _aMANAGEMENT-BUSINESS MANAGEMENT-DISCRIMINATION-DISABILITY DISCRIMINATION-ACCESSIBILITY | ||
| 650 | _aDISABILITY DISCRIMINATION ACT 1995 | ||
| 690 | _aMANAGEMENT-BUSINESS MANAGEMENT | ||
| 942 | _n0 | ||
| 999 |
_c72676 _d72676 |
||